La simulación de contrato en el código civil chileno
Wedi'i Gadw mewn:
| Prif Awdur: | |
|---|---|
| Fformat: | Llyfr |
| Iaith: | Sbaeneg |
| Cyhoeddwyd: |
Santiago
Fallos del Mes
1982
|
| Rhifyn: | 2a. ed |
| Pynciau: | |
| Tagiau: |
Ychwanegu Tag
Dim Tagiau, Byddwch y cyntaf i dagio'r cofnod hwn!
|
MARC
| LEADER | 00000nam a2200000 a 4500 | ||
|---|---|---|---|
| 001 | UCS2135 | ||
| 003 | CL-VaPUC | ||
| 008 | 970516e19820000CL |||||||||||||||||spa|d | ||
| 082 | 0 | 4 | |a 346.022 |b DIE |2 21 |
| 100 | |a Díez Duarte, Raúl |e autor |9 568197 | ||
| 245 | 1 | 3 | |a La simulación de contrato en el código civil chileno |
| 246 | 1 | 0 | |a Teoría jurídica y práctica forense |
| 250 | |a 2a. ed | ||
| 300 | |a 279 p | ||
| 942 | |c BK | ||
| 945 | |d 19970516 00:00:00 |a lriquelm | ||
| 260 | |a Santiago |b Fallos del Mes |c 1982 | ||
| 650 | 0 | |a Contratos |9 255153 | |
| 650 | 0 | |a Derecho civil |9 255013 | |
| 650 | 7 | |a SIMULACION |2 CL-VaPUC |9 338579 | |
| 650 | 0 | |a Actos jurídicos |9 255748 | |
| 650 | 0 | |a Responsabilidad contractual |9 256720 | |
| 650 | 0 | |a Responsabilidad extracontractual |9 336742 | |
| 650 | 0 | |a Acción pauliana |9 871269 | |
| 583 | |a last modification |c 19970516 00:00:00 |k Rodrigo Vera | ||
| 999 | |c 260127 |d 260125 | ||
| 952 | |0 0 |1 0 |4 0 |6 346_022000000000000_DIE_1982 |7 0 |8 A |9 285750 |a BIBDER |b BIBDER |d 2019-11-19 |i 1856189 |l 1 |o 346.022 DIE 1982 |p 1856189 |r 2023-12-07 |s 2023-12-07 |w 2019-11-19 |y BK |k DER | ||